000 00439nam a2200193Ia 4500
005 20240823035203.0
008 240823s9999||||xx |||||||||||||| ||und||
020 _a978-81-7223-662-5
041 _aENGLISH
082 _A891.4287 Q0
100 _aKhushwant Singh
245 0 _aMalicious Gossip
250 _a1st
260 _c2010
_bThe India Today
500 _aYES
650 _aNovel
_bEnglish
942 _cBK
999 _c200086
_d200086